000 00470nam a22001577a 4500
999 _c181708
_d181708
005 20211004161959.0
010 _aEN230921
020 _a9788194864950
_c199.00
037 _bEmpty Canvas Publishers
100 _aGupt, Vishnu
245 _aChanakya mantra /
_cby Vishnu Gupt
260 _aNew Delhi
_bEmpty Canvas Publishers
_c2021
270 _a4435-36/7, First FLoor, Ansari Road, Daryaganj
_bNew Delhi
_e110002
300 _a206p.
_c22cm(pbk)
942 _2ddc
_cEN
_mGUP